[Event "XXXVIII Open Internacional de Sevilla "]
[Site "?"]
[Date "2013.01.12"]
[Round "2.14"]
[White "SANTOS RUIZ, Miguel"]
[Black "MELLADO TRIVIÑO, Juan"]
[Result "1-0"]
[WhiteElo "2078"]
[BlackElo "2436"]
[Annotator "Miguel Santos Ruiz"]
[PlyCount "55"]

{Presentada a Premio de belleza.} 1. e4 c5 2. Nf3 Nc6 3. Bb5 Qb6 $5 4. Nc3 e6
5. Bxc6 Qxc6 6. O-O a6 7. d4 cxd4 8. Nxd4 Qc7 9. Re1 $1 $32 {
Aquí acaba mi conocimiento de la teoría} b5 10. Bg5 f6 (10... b4 11. Nd5 $1
exd5 (11... Qb7 12. Bf4 d6 13. Nf5 $1 $16) (11... Qb8 12. Bf4 e5 13. Bg3) 12.
exd5+ $18) (10... Be7 11. Nd5 exd5 12. exd5 d6 (12... f6 13. Nf5 d6 $8 14.
Nxg7+ Kf7 (14... Kf8 15. Ne6+ Bxe6 16. dxe6 fxg5 17. Qf3+) (14... Kd8 15. Qh5
$18 fxg5 $2 16. Qe8#) 15. Ne6 fxg5 16. Qh5+ Kf6 17. Qxg5+ $18) 13. Bxe7 Nxe7
14. Nc6 Be6 15. Nxe7 Qxe7 16. dxe6 fxe6 17. Qf3 Rc8 18. Rad1 $16) 11. Bh4 Bb4 (
11... b4 $1 12. Na4 $14) (11... Bd6 $5 12. Qg4 Bxh2+ 13. Kh1 g5 $13) 12. Nf5 $1
Bxc3 (12... exf5 $6 13. Nd5 $1 Qc4 (13... Qd6 14. Bg3 Qc5 (14... f4 15. Bxf4
Qc5 16. c3 Ba5 17. b4 Qc6 18. bxa5 $18) 15. c3 $1 Ba3 16. exf5+ Kf8 17. bxa3
$18) (13... Qa5 14. c3 Be7 15. e5 $1 $36 Kf7 (15... Bb7 16. Nxe7 Nxe7 17. exf6
gxf6 18. Qh5+ Kd8 19. Bxf6 Re8 20. Rxe7 Rxe7 21. Qxh7 $18) (15... Qa4 16. exf6
Qxd1 17. fxg7 $3 Qxd5 18. gxh8=Q $18) 16. Nxe7 Nxe7 17. exf6 gxf6 18. Bxf6 $1
Kxf6 (18... Qb6 19. Bxh8) (18... Re8 19. Bxe7 Rxe7 20. Qh5+ Kf8 21. Qh6+ $18)
19. Qd6+) (13... Qc5 14. c3 Ba3 15. exf5+ Kf8 (15... Kd8 16. bxa3) (15... Kf7
16. Qh5+ g6 17. fxg6+ Kg7 18. gxh7 Rxh7 19. Bxf6+ Nxf6 20. Qg5+ $18) 16. bxa3
Bb7 17. Nb4 Nh6 (17... Rd8 18. Bg3 $18) 18. Qxd7 $18) 14. b3 Qc5 15. Nxb4 Qxb4
16. exf5+ Kf8 (16... Kf7 17. Qd5+) (16... Kd8 17. Bg3) 17. Bg3) (12... Bf8 13.
Bg3 $16) 13. bxc3 Kf8 $1 (13... exf5 14. exf5+ Kd8 (14... Kf7 15. Qd5+ Kf8 16.
Bg3 $1) (14... Kf8 15. Bg3 Qc6 (15... Qc4 $1 16. Bd6+ Kf7 17. Qh5+ g6 18. fxg6+
Kg7 19. Re8 (19. gxh7 Nh6 (19... Rxh7 20. Qf3 Ra7 (20... Bb7 21. Qxb7) (20...
Qc6 21. Qg3+ Kh8 22. Re8 Qd5 23. Qg6 Bb7 24. Qxf6+ Rg7 25. Qh6+ Rh7 26. Be5+
Qxe5 27. Qxh7+ Kxh7 28. Rxe5 $18) 21. Re8 $18) 20. Rad1) 19... hxg6 20. Bf8+
Kf7 21. Qxh8 Kxe8 22. Qg7 $44 Qe6 $8 23. Bd6 $3 Qxd6 (23... Ne7 24. Bxe7 Qxe7 (
24... Qf7 25. Bxf6 Qxg7 26. Bxg7 $18 {Con dos peones de mas a pesar de los
alfiles de distinto colo no me debe costar mucho ganar esto}) 25. Qg8+) 24.
Qxg8+) 16. Bd6+ Kf7 17. Qh5+ g6 18. fxg6+ hxg6 (18... Kg7 19. Bf8+ $3 Kxf8 20.
Re8+ $1 Kg7 21. gxh7 Rxh7 22. Qg4+) 19. Qxh8 Qxd6 20. Qh7+ Kf8 21. Re8+ $1 Kxe8
22. Qxg8+ Ke7 23. Re1+) (14... Ne7 15. Qg4 $1 O-O (15... Kf7 16. Rxe7+ Kxe7 17.
Qxg7+) (15... d5 16. Qxg7) (15... Bb7 16. Rxe7+ Kxe7 17. Qxg7+ Kd6 18. Bg3+) (
15... g6 16. Bxf6) 16. Rxe7 Rf7 17. Re8+ Rf8 18. Bxf6) 15. Qe2 Qc4 (15... Qxc3
16. Bg3 d6 17. Rad1 Kc7 18. Rxd6 $18) (15... Qc6 16. Rad1 Kc7 17. Bg3+ Kb7 18.
Rd6 Qc5 19. Qe4+ Ka7 20. Bf4 $1) 16. Qe3 $1 (16. Qe8+ Kc7 17. Bg3+ Kb7 18. Rad1
) 16... Kc7 (16... Bb7 17. Qb6+ Qc7 18. Re8+ Kxe8 19. Qxc7 Bc6 20. Re1+ $18 Kf7
21. Qd6) 17. Rad1 d5 (17... Qxh4 18. Qc5+ Kd8 (18... Kb8 19. Qb6+ Bb7 20. Re8#)
(18... Kb7 19. Rd6 Rb8 20. Red1 $18) 19. Qb6#) (17... Qc6 18. Bg3+ Kb7 19. Rd6
$18) (17... Nh6 18. Bg3+ Kb7 19. Rd6 Qc7 20. Qe4+ Ka7 21. Qd4+ Kb7 22. Qd5+ Ka7
23. Rxa6+ Bxa6 24. Bxc7) 18. Rd4 Qc6 (18... Qc5 19. Qg3+ Kc6 20. Qxg7 Bxf5 21.
Qxh8 $18) 19. Qg3+) (13... Kf7 14. Nd6+ Ke7 15. e5 $18) (13... Qxc3 14. Nxg7+
$18) 14. Bg3 Qc6 (14... e5 15. Nd6 $18 Qc5 16. a4 $32) 15. Bd6+ Kf7 16. Nxg7 $1
{Segundo Sacrificio de caballo} Kxg7 (16... h5 17. Nxh5 $18) (16... Ne7 17. Qf3
Bb7 (17... Kxg7 18. Bxe7) 18. Rad1 $18) 17. Qg4+ (17. Re3 $2 h5) 17... Kf7 18.
Qh5+ Kg7 19. Rad1 $1 $32 (19. Qg4+ $11 {Lo pense por un momento pero....})
19... Bb7 (19... Nh6 20. Re3 Nf7 21. Rg3+ Ng5 22. Rxg5+ $1 fxg5 23. Qxg5+ Kf7
24. Qh5+ Kg8 (24... Kg7 25. Qe5+ Kg8 (25... Kg6 26. Rd3) 26. Rd3) 25. Qe8+ Kg7
26. Be5+ Kh6 27. Qxh8 Qxe4 28. Qf6+ Qg6 29. Bf4+ Kh5 30. Rd5+ $3 (30. Qe5+ Qf5
31. g4+ Kxg4 32. h3+ Kxh3 33. Qxf5+ exf5 34. f3 Kh4 35. Rd6 h5 36. Rd2) 30...
exd5 31. Qe5+ Kh4 32. Bg3+ Qxg3 33. fxg3+ Kg4 34. h3#) 20. Re3 Qxe4 $8 21. Rxe4
(21. Rg3+ Qg6 22. Bf8+ $3 {Era mas contundente}) 21... Bxe4 22. Qg4+ Bg6 23.
Bb4 $5 Ra7 $1 (23... Rd8 24. Ba5 Nh6 25. Qf4 Ra8 26. Rxd7+ Nf7 $18) 24. Qd4 $18
Rb7 25. Qd6 Nh6 26. Qxa6 Rhb8 27. Bd6 $1 Rb6 28. Qa3 1-0

[Event "XXXVIII Abierto Internacional "]
[Site "Sevilla (SPAIN)"]
[Date "2013.01.17"]
[Round "7.1"]
[White "HASLINGER, Stewart G"]
[Black "BELEZKY, Alexander"]
[Result "1-0"]
[WhiteElo "2535"]
[BlackElo "2427"]
[Annotator "Montecatine,R"]
[PlyCount "59"]
[EventDate "2013.01.11"]

1. e4 e6 2. d4 d5 3. Nd2 dxe4 4. Nxe4 Nd7 5. Nf3 Ngf6 6. Bd3 Nxe4 7. Bxe4 Nf6
8. Bg5 Qd6 9. Bxf6 gxf6 10. c3 Bd7 11. Nd2 c6 12. O-O h5 13. b4 h4 14. Re1 Be7
15. a4 Qc7 16. Nc4 Rd8 (16... O-O-O 17. a5 Kb8 18. a6 b6 $14) 17. a5 Kf8 18.
Qe2 Rh6 (18... Rg8) 19. Bc2 Kg7 20. Ne3 Bd6 21. Ng4 Rhh8 (21... f5 22. Nxh6
Bxh2+ 23. Kh1 Kxh6 24. Rad1 Rh8 25. Rd3 Bd6 26. Rh3 Kg7 $14) 22. Qf3 $16 {
Diagrama #} Bf4 $2 (22... f5 23. Ne5 Rdg8 24. Qe3 $16) 23. Nxf6 $18 Bxh2+ 24.
Kh1 Bd6 (24... Bc8) 25. Nh5+ Kf8 26. Qf6 Rg8 (26... Rxh5 27. Bg6 Rh7 28. Bxh7
Ke8 29. Qxh4 $18) 27. Bh7 Rg4 28. f3 (28. Bf5) 28... Rf4 29. Nxf4 Bxf4 30. Re4
1-0

[Event "XXXVIII Abierto Internacional "]
[Site "Sevilla (SPAIN)"]
[Date "2013.01.17"]
[Round "7.2"]
[White "KJARTANSSON, Gudmundur"]
[Black "MIRZOEV, Azer"]
[Result "0-1"]
[WhiteElo "2408"]
[BlackElo "2547"]
[Annotator "Montecatine,R"]
[PlyCount "83"]
[EventDate "2013.01.11"]

1. c4 e6 2. g3 d5 3. Nf3 dxc4 4. Bg2 a6 5. O-O Nf6 6. a4 (6. Nc3 Be7 7. Ne5 $11
) 6... Nc6 7. Qc2 Na5 8. Na3 Qd5 9. Ne1 Qf5 (9... Qc5 10. d4 cxd3 (10... Qxd4
11. Bd2 Nb3 12. Rd1 Bxa3 13. bxa3 Nxd2 14. Rxd2 Qg4 15. Nf3 O-O 16. Rc1 $11))
10. e4 Qc5 11. d4 cxd3 12. Qxd3 (12. Qd1 $5) 12... Nc6 13. Nac2 (13. Nc4) 13...
Be7 14. b4 Qd6 15. Qe2 e5 16. Ba3 Qe6 $15 17. Nd3 O-O 18. Bb2 Bd6 19. f4 Nd7
20. Qd2 f6 21. f5 Qf7 {Diagrama #} 22. g4 (22. a5) 22... Nb6 $17 23. Bc3 Rd8
24. g5 Be7 25. h4 (25. gxf6 Bxf6 26. Rfd1) 25... Bd7 26. b5 axb5 27. axb5 Rxa1
28. Rxa1 Nb8 (28... Nd4 29. Bxd4 exd4 30. Nxd4 Bc8 31. Ne1 fxg5 32. hxg5 Nc4
33. Qc3 Bxg5 $19) 29. gxf6 (29. Rb1) 29... gxf6 (29... Bxb5) 30. Rb1 Be8 31.
Bf1 N8d7 32. Qf2 Na4 33. Ba1 (33. Ba5) 33... Nac5 $19 34. Kh1 Kh8 35. Nxc5 Bxc5
36. Qe2 Qh5 37. Qe1 Bf7 38. Nb4 (38. Bg2) 38... Rg8 39. Be2 Qh6 40. Bf3 Qf4 41.
Bg2 Rg3 42. Bc3 0-1

[Event "XXXVIII Abierto Internacional "]
[Site "Sevilla (SPAIN)"]
[Date "2013.01.17"]
[Round "7.6"]
[White "MATAMOROS FRANCO, Carlos S"]
[Black "GUTIERREZ JIMENEZ, Juan Manuel"]
[Result "1-0"]
[WhiteElo "2538"]
[BlackElo "2296"]
[Annotator "Montecatine,R"]
[PlyCount "71"]
[EventDate "2013.01.11"]

1. Nf3 d6 2. d4 Nf6 3. c4 g6 4. Nc3 Bg7 5. g3 O-O 6. Bg2 c6 7. O-O Qb6 8. b3 e5
9. d5 cxd5 10. cxd5 Qa5 11. Bb2 {Diagrama #} b5 (11... Na6) 12. Nxe5 $16 Ne8 (
12... dxe5 13. d6 $16) (12... Ng4 13. Nxg4 Bxg4 14. a3 $16) 13. Nd3 $18 Nd7 (
13... Bxc3 14. Bxc3 Qxc3 15. Rc1 Qa5 16. Rxc8) 14. a4 bxa4 (14... Bxc3 15. axb5
Qc7 16. Rc1) 15. Rxa4 Qd8 16. Qb1 a6 17. Nb4 Nc5 18. Nc6 Qc7 19. Ra3 Bb7 20. b4
Nd7 21. Rc1 Nb6 22. Na4 Nxa4 23. Rxa4 Bxb2 24. Qxb2 Ng7 25. e3 h5 26. Qf6 Rfe8
27. Ra3 Qd7 28. Rac3 Rac8 29. Qd4 Bxc6 30. dxc6 Qc7 31. Qc4 Rb8 32. Ra3 Rb5 33.
Rxa6 Reb8 34. Qa2 Ne6 35. Ra7 Qb6 36. c7 1-0

[Event "XXXVIII Abierto Internacional "]
[Site "Sevilla (SPAIN)"]
[Date "2013.01.17"]
[Round "7.8"]
[White "BARRERO GARCIA, Carlos"]
[Black "KHAMRAKULOV, Ibragim S"]
[Result "1-0"]
[WhiteElo "2350"]
[BlackElo "2509"]
[Annotator "Montecatine,R"]
[PlyCount "79"]
[EventDate "2013.01.11"]

1. Nf3 c5 2. g3 g6 3. Bg2 Bg7 4. d4 cxd4 5. Nxd4 Nc6 6. Nb3 Nf6 7. O-O O-O 8.
Nc3 d6 9. h3 Be6 10. e4 a5 11. a4 Bxb3 12. cxb3 Nd7 13. Re1 Nc5 14. Bf1 f5 15.
exf5 Rxf5 16. Be3 Kh8 17. Rb1 Qg8 18. Bc4 Qf8 19. g4 Re5 20. Kg2 g5 (20... e6)
21. Qd2 h6 (21... e6 22. Bxg5 d5 23. Rxe5 Bxe5 24. Bb5 Nd4 $11) 22. h4 {
Diagrama #} Qc8 $6 (22... gxh4 23. Rh1 $14) 23. f3 $18 gxh4 (23... Bf6 24. Nd5
Qf8 25. hxg5 hxg5 (25... Bxg5 26. f4 $18) 26. Rh1+ Kg7 27. Bxc5 dxc5 28. Qd3
$18) 24. Bxh6 $16 (24. Rh1 $18) 24... Qf8 25. Rh1 Rh5 26. Bxg7+ (26. gxh5 Bxh6
27. Qf2 Bg5 $16) 26... Qxg7 27. Rh3 Qg6 28. Rbh1 $18 Kg7 29. Nd5 e5 30. Rxh4
Rxh4 31. Rxh4 Rh8 32. Rxh8 Kxh8 33. Kg3 Kg7 34. Ne3 Nd4 35. Qxa5 Qf6 36. Qc7+
Kf8 37. Qb8+ Kg7 38. Qc7+ Kh6 39. g5+ Qxg5+ 40. Ng4+ 1-0

[Event "XXXVIII Abierto Internacional "]
[Site "Sevilla (SPAIN)"]
[Date "2013.01.17"]
[Round "7.9"]
[White "PEREZ MITJANS, Orelvis"]
[Black "KOMLJENOVIC, Davorin"]
[Result "0-1"]
[WhiteElo "2496"]
[BlackElo "2393"]
[Annotator "de,Universidad"]
[PlyCount "54"]
[EventDate "2013.01.11"]

1. e4 c5 2. Nf3 d6 3. d4 cxd4 4. Qxd4 Nc6 5. Bb5 Bd7 6. Bxc6 Bxc6 7. Nc3 e5 8.
Qd3 h6 9. O-O Nf6 10. a4 Be7 11. Re1 O-O 12. Nd2 Rc8 13. Nf1 Re8 14. Qg3 Kh7
15. Qf3 Bf8 16. Be3 b6 17. Red1 Qd7 18. h3 Nxe4 19. Nxe4 f5 20. Nfg3 fxe4 21.
Nxe4 Qe6 22. Bd2 Qg6 23. Re1 d5 24. Ng3 Qxc2 25. Bxh6 gxh6 26. Qf7+ Bg7 27. Nf5
Rg8 {Diagrama # Ilegible} 0-1

[Event "XXXVIII Abierto Internacional "]
[Site "Sevilla (SPAIN)"]
[Date "2013.01.17"]
[Round "7.11"]
[White "HERRAIZ HIDALGO, Herminio"]
[Black "ARANAZ MURILLO, Amalia"]
[Result "1/2-1/2"]
[WhiteElo "2488"]
[BlackElo "2251"]
[Annotator "Montecatine,R"]
[PlyCount "69"]
[EventDate "2013.01.11"]

1. d4 d5 2. c4 c6 3. Nf3 Nf6 4. Qc2 g6 5. Bf4 Bg7 6. e3 O-O 7. Nc3 c5 (7... a5)
(7... Na6) 8. Be2 (8. dxc5 Na6 9. cxd5 Nxc5 10. e4 $14) 8... Nc6 9. dxc5 Qa5
10. Qa4 Qxc5 11. Qb5 Qxb5 12. cxb5 Nb8 13. O-O Nbd7 14. Rac1 a6 15. bxa6 b6 16.
Ne5 Nxe5 17. Bxe5 Bxa6 18. Bxa6 Rxa6 19. a3 e6 20. Rfd1 Raa8 21. f3 Rfc8 22.
Bd4 Rc4 23. Nb5 Rxc1 24. Rxc1 Nd7 25. Rc7 Rd8 26. Bxg7 Kxg7 27. Nd6 Ne5 28. f4
Nf3+ 29. gxf3 Rxd6 30. Kf2 h6 31. Ke2 g5 32. fxg5 hxg5 33. Kd3 e5 34. b4 d4 35.
Rb7 {Diagrama #} 1/2-1/2

[Event "XXXVIII Abierto Internacional "]
[Site "Sevilla (SPAIN)"]
[Date "2013.01.17"]
[Round "7.12"]
[White "SANCHEZ ROMERO, Miquel Angel"]
[Black "LALIC, Bogdan"]
[Result "0-1"]
[WhiteElo "2229"]
[BlackElo "2484"]
[Annotator "Montecatine,R"]
[PlyCount "66"]
[EventDate "2013.01.11"]

1. e4 c5 2. c3 Nf6 3. e5 Nd5 4. Bc4 e6 5. d4 d6 6. Nf3 cxd4 7. cxd4 Nc6 8. O-O
Be7 9. Bd2 O-O 10. Nc3 Nxc3 11. Bxc3 dxe5 12. dxe5 Bd7 13. Qe2 Qc7 14. Bd3 Rfd8
15. Rac1 Be8 16. h4 Qb6 17. Ng5 h6 18. Qe4 g6 19. Nf3 Nb4 20. Bb1 (20. Bxb4
Bxb4 21. Rfd1) 20... h5 (20... Bc6) 21. Bd4 Qb5 {Diagrama #} 22. a4 (22. Qe3
$11) 22... Qxa4 $15 23. Bc5 $6 (23. Qxb7) 23... Bxc5 24. Rxc5 Rd1 25. Rxd1
Qxd1+ 26. Kh2 Nd5 $15 27. Bc2 Qf1 28. Kg3 (28. Qd4) 28... Rd8 $17 29. Bd3 Qa1
30. Qd4 Bc6 31. Ng5 Qd1 32. Nxf7 Rf8 33. Ng5 Rf4 0-1

[Event "XXXVIII Abierto Internacional "]
[Site "Sevilla (SPAIN)"]
[Date "2013.01.17"]
[Round "7.14"]
[White "VAN HOOLANDT, Patrick"]
[Black "BRUNO, Fabio"]
[Result "1/2-1/2"]
[WhiteElo "2203"]
[BlackElo "2434"]
[Annotator "Montecatine,R"]
[PlyCount "47"]
[EventDate "2013.01.11"]

1. d4 d5 2. c4 e6 3. Nf3 c6 4. Qc2 dxc4 5. Qxc4 Nf6 6. Bg5 Nbd7 7. Nbd2 Qa5 8.
a3 Ne4 9. Bf4 g5 10. b4 Qf5 11. Nxe4 gxf4 12. Nc5 a5 13. Rc1 axb4 14. axb4 Nb6
$15 15. Qb3 Qd5 (15... Nd5) 16. Qb1 Qa2 17. g3 Nd5 18. gxf4 b6 (18... Qxb1 19.
Rxb1 Nxf4 20. b5 b6 21. Ne4 f5 22. Ned2 c5 $15) 19. Nd3 Nxb4 20. Nxb4 Qa5 21.
Bg2 Qxb4+ 22. Kf1 Qxb1 23. Rxb1 Ra2 24. Ne5 {Diagrama #} 1/2-1/2

[Event "XXXVIII Abierto Internacional "]
[Site "Sevilla (SPAIN)"]
[Date "2013.01.17"]
[Round "7.15"]
[White "DHAR-BARUA, Saheli"]
[Black "POGORELOV, Ruslan"]
[Result "0-1"]
[WhiteElo "2091"]
[BlackElo "2409"]
[Annotator "Montecatine,R"]
[PlyCount "62"]
[EventDate "2013.01.11"]

1. e4 c5 2. Nf3 e6 3. d4 cxd4 4. Nxd4 a6 5. Be2 Nf6 6. Nc3 Qc7 7. O-O Be7 8.
Kh1 O-O 9. f4 d6 10. a4 b6 11. Bf3 Bb7 12. g4 Nc6 13. g5 Nd7 14. Bg2 Rfe8 15.
Rf3 Bf8 16. Rh3 g6 17. Nb3 Bg7 18. f5 $6 Nb4 (18... exf5 19. exf5 gxf5 $15) 19.
f6 Bf8 20. Qe1 (20. Be3) 20... Nxc2 21. Qh4 h6 22. Rb1 b5 23. axb5 axb5 {
Diagrama #} 24. Bf4 $6 (24. Nxb5) 24... e5 $17 25. Rd1 (25. Bd2) 25... exf4 $19
26. Nxb5 Qb6 27. Nxd6 Ne5 28. Nxe8 f3 29. Nd6 fxg2+ 30. Kxg2 Ne3+ 31. Rxe3 Qxe3
0-1

[Event "XXXVIII Abierto Internacional "]
[Site "Sevilla (SPAIN)"]
[Date "2013.01.17"]
[Round "7.17"]
[White "TERAN ALVAREZ, Ismael"]
[Black "RUIZ GUTIERREZ, Manuel"]
[Result "1-0"]
[WhiteElo "2399"]
[BlackElo "2158"]
[Annotator "Montecatine,R"]
[PlyCount "133"]
[EventDate "2013.01.11"]

1. e4 e5 2. Nf3 Nc6 3. Bb5 a6 4. Ba4 Nf6 5. O-O Be7 6. Re1 b5 7. Bb3 d6 8. c3
O-O 9. h3 Na5 10. Bc2 c5 11. d4 Qc7 12. Nbd2 Nd7 13. Nf1 Bf6 14. Ne3 Nb6 15. d5
g6 16. b3 Bg7 17. Bd2 Nb7 18. g4 f6 19. Nf1 Nd8 20. Ng3 Nf7 21. Kh2 a5 22. Qe2
Bd7 23. c4 b4 24. a4 Nc8 25. Rg1 Ne7 26. Be3 Kh8 27. Qd2 Rg8 28. Nh4 Raf8 29.
Raf1 Qc8 30. f3 Qd8 31. Rf2 Bc8 32. Kg2 Bd7 33. Kf1 Qc8 34. Ke1 Re8 35. Kd1
Ref8 36. Kc1 Re8 37. Kb1 Ref8 38. Ka2 Re8 39. Rgf1 Rgf8 40. Ng2 Ng8 41. Nh4 Qd8
42. Ng2 Qe7 43. Ne1 Rc8 44. Nd3 Rce8 45. Rh2 h6 46. h4 Qd8 47. Rg1 Kh7 48. g5
$16 h5 $2 (48... Ne7 49. gxh6 Nxh6 50. h5 g5 51. Nh1 $16) 49. Nxh5 $18 gxh5 50.
g6+ Kh8 51. gxf7 Rxf7 52. f4 Bg4 53. Bd1 $6 (53. f5) 53... f5 $16 54. fxe5 Bxe5
55. Nxe5 Rxe5 56. exf5 Bxd1 57. Rxd1 Rexf5 (57... Nf6) 58. Rg1 Qf6 $2 (58...
Nf6) 59. Rhg2 $18 Ne7 60. Rg5 (60. Qd1) 60... Rxg5 61. Rxg5 Qf3 62. Qe1 Nf5 (
62... Kh7) 63. Bc1 Kh7 64. Qe6 Ng7 65. Qg6+ Kg8 66. Bb2 Qe2 67. Rg2 1-0

[Event "XXXVIII Abierto Internacional "]
[Site "Sevilla (SPAIN)"]
[Date "2013.01.17"]
[Round "7.18"]
[White "MONTERO MELENDEZ, Rafael"]
[Black "MCMAHON, Daire"]
[Result "1-0"]
[WhiteElo "2316"]
[BlackElo "2147"]
[Annotator "Montecatine,R"]
[PlyCount "87"]
[EventDate "2013.01.11"]

1. Nf3 Nf6 2. c4 e6 3. g3 b6 4. Bg2 Bb7 5. Nc3 Be7 6. O-O O-O 7. Re1 d5 8. cxd5
exd5 9. d4 Na6 10. Bf4 c5 11. Rc1 Qd7 12. Ne5 Qe6 13. Nb5 Rfd8 14. Qb3 h6 15.
h4 Qf5 16. Kh2 g5 17. Bh3 g4 18. Bg2 Ne4 $2 (18... Nb4) 19. f3 Nf6 20. e4 (20.
Bxh6 $18) 20... Qh7 21. fxg4 Nxe4 22. Re2 Nb4 23. Nc7 (23. a3) 23... Rac8 24.
a3 (24. Nxd5 Bxd5 25. Bxe4 Bxe4 26. Rxe4 $16) 24... Rxc7 25. axb4 c4 $14 26.
Qa4 {Diagrama #} f6 $2 (26... Bg5) 27. Nf7 $18 Rdc8 (27... Qxf7 28. Bxc7) 28.
Nxh6+ Kh8 29. Bxc7 Qxh6 30. Bf4 Qg7 31. Qxa7 Bxb4 32. Qxb6 Bf8 33. Qe6 Ra8 34.
Bxe4 dxe4 35. g5 Ra6 36. gxf6 Rxe6 37. fxg7+ Bxg7 38. Be5 Bxe5 39. dxe5 Bd5 40.
Ra1 Rxe5 41. Ra5 e3 42. g4 Kg7 43. Kg3 Kf6 44. Ra3 1-0

[Event "XXXVIII Abierto Internacional "]
[Site "Sevilla (SPAIN)"]
[Date "2013.01.17"]
[Round "7.20"]
[White "DELGADO SERRANO, Angel"]
[Black "SGNAOLIN, Davide"]
[Result "0-1"]
[WhiteElo "2139"]
[BlackElo "2269"]
[Annotator "Montecatine,R"]
[PlyCount "88"]
[EventDate "2013.01.11"]

1. e4 c5 2. Nf3 Nc6 3. d3 g6 4. g3 Bg7 5. Bg2 d6 6. O-O e5 7. c3 Nge7 8. a3 a6
9. b4 b6 10. Bb2 O-O {Diagrama #} 11. d4 (11. Nbd2) 11... exd4 12. cxd4 Bg4 $15
13. Nbd2 Nxd4 14. Qb1 Nec6 15. h3 Bxf3 16. Nxf3 Nxf3+ 17. Bxf3 Bxb2 18. Qxb2
Nd4 $17 19. Bg2 Rb8 20. Rfe1 Re8 21. Rad1 Qf6 22. Kh1 h5 23. h4 a5 24. Re3 Qe6
25. Qd2 axb4 26. axb4 Ra8 27. Rb1 Ra2 28. Rb2 Rea8 29. e5 Rxb2 30. Qxb2 Ra2 31.
Qc3 Rxf2 32. exd6 Qxd6 33. bxc5 bxc5 34. Qe1 Rf6 35. Re8+ Kg7 36. Qe5 Qxe5 37.
Rxe5 Rf5 38. Re7 Kf6 39. Rc7 Re5 40. Bf1 Re3 41. Bc4 Rxg3 42. Rxf7+ Ke5 43. Kh2
Rc3 44. Ba6 Nf3+ 0-1

[Event "XXXVIII Abierto Internacional "]
[Site "Sevilla (SPAIN)"]
[Date "2013.01.17"]
[Round "7.4"]
[White "ROY CHOWDHURY, Saptarshi"]
[Black "RZAYEV, Bahruz"]
[Result "1/2-1/2"]
[WhiteElo "2451"]
[BlackElo "2370"]
[Annotator "Montecatine,R"]
[PlyCount "72"]
[EventDate "2013.01.11"]

1. e4 e5 2. Nf3 Nc6 3. Bc4 Nf6 4. d3 Bc5 5. h3 d6 6. c3 h6 7. Bb3 Bb6 8. Nbd2
Ne7 9. Nf1 Ng6 10. Ng3 O-O 11. O-O d5 12. exd5 Nxd5 13. d4 exd4 14. Nxd4 Ndf4
15. Qf3 Bxd4 16. Bxf4 Nxf4 17. Qxf4 Bb6 18. Rad1 Qe7 19. Rde1 Qc5 (19... Be6
$14) 20. Re5 $16 Qd6 21. Qe4 Bd7 22. Nf5 Bxf5 23. Rxf5 Qg6 24. Re1 Rad8 25. Re2
c6 26. Qf3 Rd7 {Diagrama #} 27. h4 $6 (27. Re6 Qh7 28. Qe4 Bd8 29. Re8 $16)
27... Qd6 28. h5 Bd8 29. g3 Bf6 30. Bc2 Rfd8 31. Qe4 Kf8 32. Qf3 Re7 33. Rf4
Rxe2 34. Qxe2 Qd2 35. Re4 Qxe2 36. Rxe2 Rd5 1/2-1/2

[Event "XXXVIII Abierto Internacional "]
[Site "Sevilla (SPAIN)"]
[Date "2013.01.17"]
[Round "7.13"]
[White "FERNANDEZ ROMERO, Ernesto"]
[Black "ALVAREZ FERNANDEZ, Enrique"]
[Result "1-0"]
[WhiteElo "2480"]
[BlackElo "2350"]
[Annotator "Montecatine,R"]
[PlyCount "97"]
[EventDate "2013.01.11"]

1. e4 c5 2. Nf3 d6 3. d4 cxd4 4. Nxd4 Nf6 5. Nc3 a6 6. h3 e5 7. Nde2 Be6 8. g4
d5 9. exd5 Nxd5 10. Bg2 Bb4 11. O-O Bxc3 12. Nxc3 Nxc3 13. bxc3 Nc6 14. Ba3
Qxd1 15. Rfxd1 Rd8 16. Bd6 f6 17. Rab1 Bc8 18. Be4 Kf7 19. Bd5+ Kg6 20. Bc7
Rde8 21. Be4+ Kf7 22. Rd6 Re7 23. Bb6 Be6 24. a4 h5 25. f3 hxg4 26. hxg4 g6 27.
Bc5 {Diagrama #} Rc8 (27... Rc7 $14) 28. Rxc6 bxc6 29. Bxe7 Kxe7 30. Bxg6 Bd5
31. Kf2 $16 Rd8 32. Kg3 Kd6 33. a5 Kc5 34. Rb6 Bc4 35. Be4 Rc8 36. Kf2 Bb5 37.
Bd3 Rc7 38. Ke3 Bc4 39. Rb8 Rf7 40. Bg6 Rg7 41. Be4 Rc7 42. Bd3 Rf7 43. Be4 Rc7
44. Rf8 Rf7 45. Rxf7 Bxf7 46. Bd3 Be8 47. Bxa6 Bd7 48. Bd3 Be6 49. Kf2 1-0

[Event "XXXVIII Abierto Internacional "]
[Site "Sevilla (SPAIN)"]
[Date "2013.01.17"]
[Round "7.19"]
[White "GARCIA JIMENEZ, Francisco Javi"]
[Black "GUTIERREZ VALERO, Mario"]
[Result "0-1"]
[WhiteElo "2278"]
[BlackElo "2131"]
[Annotator "Montecatine,R"]
[PlyCount "112"]
[EventDate "2013.01.11"]

1. e4 c5 2. Nc3 Nc6 3. g3 g6 4. Bg2 Bg7 5. d3 d6 6. Be3 Rb8 7. a4 a6 8. Nge2 b5
9. axb5 axb5 10. Qd2 b4 11. Nd1 Nd4 12. O-O e5 13. Nc1 Ne7 14. c3 bxc3 15. bxc3
Ne6 16. Ne2 O-O {Diagrama #} 17. d4 $6 (17. f4) 17... exd4 18. cxd4 Nc6 $17 19.
Ra4 $2 (19. Bh6 $17) 19... Ncxd4 (19... cxd4) 20. Nxd4 Nxd4 21. Bxd4 Bxd4 22.
Nc3 (22. Ne3) 22... Be6 23. Nd5 Bxd5 24. exd5 Rb2 $19 25. Qf4 Qb6 26. Bh3 Rb1 (
26... Re8) 27. Rxb1 Qxb1+ 28. Bf1 $17 Qb3 29. Ra6 Be5 30. Qe4 Rb8 31. Ra4 Qd1
32. Qc4 (32. Kg2) 32... Rb1 $19 33. Kg2 Rc1 34. Ra8+ Kg7 35. Qd3 Qxd3 36. Bxd3
Rd1 (36... c4 37. Rc8 c3) 37. Bc4 Rc1 38. Bb3 Rc3 39. Ba4 Rd3 40. f4 Bb2 41.
Rb8 Rd2+ 42. Kf3 c4 43. Rc8 c3 44. Bb3 Rxh2 45. g4 Rh1 46. Rc6 Ba3 47. Kg2 Rc1
48. Rc4 Bc5 49. Kf3 h5 50. g5 Rf1+ 51. Kg2 Rg1+ 52. Kf3 h4 53. f5 h3 54. f6+
Kg8 55. Rh4 Rb1 56. Ba4 Rb2 0-1

[Event "XXXVIII Abierto Internacional "]
[Site "Sevilla (SPAIN)"]
[Date "2013.01.17"]
[Round "7.3"]
[White "PISCOPO, Pierluigi"]
[Black "GONZALEZ PEREZ, Arian"]
[Result "0-1"]
[WhiteElo "2407"]
[BlackElo "2473"]
[Annotator "Montecatine,R"]
[PlyCount "101"]
[EventDate "2013.01.11"]

1. e4 e5 2. Nf3 Nc6 3. Bb5 a6 4. Ba4 Nf6 5. d3 d6 6. c3 Bd7 7. O-O g6 8. Re1
Bg7 9. d4 O-O 10. d5 Ne7 11. Bxd7 Qxd7 12. c4 h6 13. c5 Nh5 14. cxd6 cxd6 15.
Nc3 f5 16. Nh4 Nf6 17. a4 (17. exf5 gxf5 18. Qb3 $11) 17... fxe4 18. Nxe4 Nxe4
19. Rxe4 g5 20. Nf3 Qf5 $15 21. Re2 Qf7 22. h4 (22. Bxg5 hxg5 23. Nxg5 Qf5 24.
Ne6 Rf7 25. Ra3 $15) 22... g4 23. Nh2 h5 $17 24. Bg5 Nxd5 (24... Nf5) 25. Nf1
Rac8 26. Ng3 Rc4 $6 (26... Nf4) 27. Rc1 $6 (27. Nf5 Nf4 28. Nxd6 Rd4 29. Nxf7
Rxd1+ 30. Rxd1 Nxe2+ 31. Kf1 Ng3+ 32. fxg3 Kxf7 33. Ke2 $11) 27... Rd4 28. Qb3
(28. Rd2) 28... Kh8 $6 (28... Nf4) 29. Rec2 Kh7 30. Kh2 Nf4 $2 (30... e4 $17)
31. Qxf7 $11 Rxf7 32. Rc7 Rxc7 33. Rxc7 Ne6 {Diagrama #} 34. Rxb7 (34. Re7 Nxg5
35. Nf5 Nf7 36. Rxf7 Kg6 37. Rxb7 Kxf5 38. Rxg7 $11) 34... Nxg5 $15 35. hxg5
Kg6 36. Nxh5 Kxh5 37. Rxg7 Rxa4 38. g3 (38. g6 Rd4 39. b4 Kh6 40. Ra7 Kxg6 41.
Rxa6 Kf5 42. b5 Rd3 43. Kg1 d5 $17) 38... Rd4 39. Ra7 Kxg5 40. Rxa6 Kf5 $19 41.
Rb6 Rd3 42. b4 d5 43. Kg2 Rd1 44. Rb8 d4 45. Rf8+ Ke4 46. f3+ gxf3+ 47. Rxf3 d3
48. Rf1 Rxf1 49. Kxf1 Ke3 50. Ke1 d2+ 51. Kd1 0-1